01147nam a2200277 a 450000100100000000500170001000800410002702000150006804000250008308200150010810000390012324000380016224501190020026000320031930000360035149000500038750000480043750400280048560000390051370000390055270000450059183000560063691000470069295201130073999900170085200004202320201002035906.0131107s1984 sp ac 000 0bspa d a8434581507 aDO-SdBNPbspacBNPHU a575bD228H1 aHuxley, Julian,d1887-1975.93454310aCharles Darwin and his woridlspa10aDarwin /cJulian Huxley, H.B.D. Kettlewell; traducción Jesús Fernández Zulaica; prólogo Faustino Cordón. aBarcelona :bSalvat,c1984. a205 p. :bil., retrs. ;c20 cm.1 aBiblioteca Salvat de grandes biografías;v5 aTraducción de: Charles Darwin y su mundo. aBibliografía : p. 20514aDARWIN, CHARLES,d1809-188292370312aCordón, Faustinoepról.96226212aFernández Zulaica, Jesúsetr.931144 0aBiblioteca Salvat de grandes biografíasn5968974 aValidado. Control de calidad MFFEn proceso 001050718MOaGRbGRcCTd2013-11-07iLF1l0o575 D228Hp42023-10r2020-06-25w2020-06-25y1ZNo se presta c41512d41512